| 000 | nam a22 7a 4500 | ||
|---|---|---|---|
| 999 |
_c29336 _d29336 |
||
| 008 | 171129b xxu||||| |||| 00| 0 eng d | ||
| 020 | _a9780852555217 | ||
| 050 | _aPL 8010 .J66 1988 | ||
| 100 |
_aJones, Eldred D;Jones, Marjorie. _d1988. |
||
| 245 |
_aChilhood in African Literature / _cJones, Eldred D;Jones, Marjorie. |
||
| 250 | _a1st ed. | ||
| 260 |
_aUSA: _bAfrican World Press, _c1988. |
||
| 300 |
_a150p. :ill. _bincludes index. |
||
| 650 | _aAfrican Literature | ||
| 942 |
_2lcc _cBOOKS _hPL 8010 .J66 1988 _02 |
||